000 00951nam0a22002411 4500
001 rc\1080990
005 20041126173622.8
035 _a(NLR Aleph) 006329362
090 _a7528749
_c7528749
100 _a20041126d1983 u |0rusy50 ca
101 0 _arus
102 _aRU
105 _ay |||||||||
200 1 _aСовершенствование хозяйственного механизма на современном этапе
_eСб. науч. тр.
_fАН УССР, Ин-т экономики
_g[Редкол.: к. э. н. А.И. Даниленко (отв. ред.) и др.]
210 _aКиев
_cИн-т экономики
_d1983
215 _a90 с.
_d20
702 1 _aДаниленко
_bА. И.
_gАнатолий Иванович
_4340
712 0 2 _aИнститут экономики
_cКиев
_3RU\NLR\AUTH\889937503
801 0 _aRU
_bNLR
_gpsbo
801 1 _aRU
_bELAR
_2rusmarc
852 _aNLR
_j84-4/9713
942 _cBOOK
980 _aNB